On This Day: June 16th II Quiz Stats

 Plays Quiz Updated Jun 16, 2018

Score 0/7 Timer 03:00
0 Plays Today
Question Answer Wrong Answers
The ‘Switchback Railway’, the first roller coaster designed as an amusement ride in America, opens in New York’s ______ amusement park.
1884
Coney Island
95.1%
Cedar Point
1.9%
Kings Island
1.5%
Knoebels
0.6%
With the American Revolution in progress, this nation declares war on the Kingdom of Great Britain, leading to the Great Siege of Gibraltar.
1779
Spain
92.4%
Russia
4.6%
Sweden
1.6%
Switzerland
1.2%
This American automobile company headquartered in Dearborn, Michigan, known for introducing methods for large-scale manufacturing, is incorporated.
1903
Ford Motor Company
83.4%
General Motors Company
12.6%
Chrysler Corporation
2.4%
Mazda Motor Corporation
0.5%
Marshal Henri Philippe Pétain becomes Chief of State of ______, a de facto client state of Nazi Germany.
1940
Vichy France
74.1%
Lyon France
8.3%
Marseille France
11.6%
Nantes France
4.7%
This Apache leader, a prominent figure in the Apache Wars who became a celebrity in his old age, is born.
1829
Geronimo
65.8%
Chief Joseph
4.9%
Tecumseh
3.3%
Crazy Horse
25.7%
The Papal conclave of 1846 elects this man as pope, beginning what will become the longest reign for an elected pope in history.
1846
Pius IX
62%
Benedict XVI
10.1%
Paul VI
16.9%
John Paul II
10.3%
______ Disneyland Park, the first Disney Park in Mainland China, opens to the public.
2016
Shanghai
46.5%
Beijing
44.1%
Tianjin
4.7%
Xi'an
3.2%

You're not logged in!

Compare scores with friends on all Sporcle quizzes.
OR
Log In

Sporcle TV

Today on Sporcle TV


Watch our educational content, quiz creation guides, and fun videos on Sporcle TV.

Show Comments

Extras

Top Quizzes Today


Score Distribution

Your Account Isn't Verified!

In order to create a playlist on Sporcle, you need to verify the email address you used during registration. Go to your Sporcle Settings to finish the process.

Report this User

Report this user for behavior that violates our Community Guidelines.

Details: